Hôn lễ và nghi thức Những vấn đề quan trọng và cần thiết trong các lễ cưới, hỏi thời nay

Kaydedildi:
Detaylı Bibliyografya
Yazar: Phạm Côn Sơn
Materyal Türü: Kitap
Dil:Undetermined
Baskı/Yayın Bilgisi: Tp. HCM Thanh Niên 2000
Konular:
Etiketler: Etiketle
Etiket eklenmemiş, İlk siz ekleyin!
Thư viện lưu trữ: Trung tâm Học liệu Trường Đại học Cần Thơ
LEADER 00617nam a2200181Ia 4500
001 CTU_37177
008 210402s9999 xx 000 0 und d
082 |a 392.5 
082 |b S464 
100 |a Phạm Côn Sơn 
245 0 |a Hôn lễ và nghi thức 
245 0 |b Những vấn đề quan trọng và cần thiết trong các lễ cưới, hỏi thời nay 
245 0 |c Phạm Côn Sơn 
260 |a Tp. HCM 
260 |b Thanh Niên 
260 |c 2000 
650 |a marriage customs and rites, vietnamese,wedding custom 
980 |a Trung tâm Học liệu Trường Đại học Cần Thơ